000 01746cam a2200349 a 4500
003 EG-GiCUC
005 20250223030936.0
008 140225s2013 ua dh f m 000 0 eng d
040 _aEG-GiCUC
_beng
_cEG-GiCUC
041 0 _aeng
049 _aDeposite
097 _aM.Sc
099 _aCai01.21.09.M.Sc.2013.Ah.E
100 0 _aAhmed Atteia Elbalouky
245 1 0 _aEffecacy of mulligan technque on functional outcome of frozen shoulder /
_cAhmed Atteia Elbalouky ; Supervised Mohsen Elsayyad , Hassan Baraka , Haytham Elhafez
246 1 5 _aتاثير موليجان تيكنيك على الحالة الوظيفية لتجمد مفصل الكتف
260 _aCairo :
_bAhmed Atteia Elbalouky ,
_c2013
300 _a89 P. :
_bcharts , facsimiles ;
_c25cm
502 _aThesis (M.Sc.) - Cairo University - Faculty of Physical Therapy - Department of Basic Science
520 _aBackground: Frozen shoulder is controversial by prediction and diagnostic criteria that are not sufficiently understood, many treament strategies are applied but there is a gap literature in efficacy of mulligan on adhesive capsulitis. purposes: the purpose of study is to investigate the effect of muligan technique on: shoulder ROM of flexion, abduction, external and internal rotation, level of pain and functional outcome of frozen shoulder patients
530 _aIssued also as CD
653 4 _aElectrogoniometer
653 4 _aFrozen shoulder
653 4 _aMulligan technque
700 0 _aHassan Baraka ,
_eSupervisor
700 0 _aHaytham Elhafez ,
_eSupervisor
700 0 _aMohsen Elsayyad ,
_eSupervisor
856 _uhttp://172.23.153.220/th.pdf
905 _aAml
_eCataloger
905 _aNazla
_eRevisor
942 _2ddc
_cTH
999 _c45191
_d45191